000 00513 a2200205 4500
005 20260218124338.0
008 260218b |||||||| |||| 00| 0 eng d
020 _a9788180303661
_cRs. 1995.00
040 _aMAIN
082 _a574.87
_bS64M
100 _aSingh, S K
245 _aManual of cell biology
260 _bCampus Books International
_c2024
_aNew Delhi
300 _a372
650 _aCell Genetics
650 _aMolecular Biology
650 _aCell Study
650 _aGenetics
942 _cBK
999 _c396805
_d396805